| 000 | 01292nam a22002897a 4500 | ||
|---|---|---|---|
| 005 | 20090724135734.0 | ||
| 008 | 090608t xxu||||| |||| 00| j hin d | ||
| 010 | _aHIN-93375 | ||
| 020 | _c175.00 | ||
| 035 | _aHN-65721 | ||
| 037 | _bDBAD / PUB | ||
| 040 |
_aDPL _bHN |
||
| 082 | _aउ | ||
| 100 |
_91372 _aफ्रैंक, लियनहार्ड |
||
| 245 |
_aकार्ल और अन्ना / _cलियनहार्ड फ्रैंक; देवराज उपाध्याय द्वारा अनुदित |
||
| 260 |
_aइलाहाबाद _bसाक्षरता ज्योति _c2011 |
||
| 270 |
_a155, बाई का बाग, त्रिवेणी रोड _bइलाहाबाद _e211003 |
||
| 300 |
_a88पृ. _c22सेमी (सजिल्द) |
||
| 650 |
_91169 _aहिन्दी कथा साहित्य |
||
| 650 |
_929837 _aHindi Novel |
||
| 700 |
_929841 _aउपाध्याय, देवराज |
||
| 700 | _929924 | ||
| 700 | _929925 | ||
| 700 | _929926 | ||
| 942 |
_2ddc _cHN _mफ्रैंकलि _hउ |
||
| 999 |
_c54248 _d54248 |
||